000 00996nam a2200277 i 4500
001 123090
003 ES-MaACL
005 20240117122545.0
007 t|
008 070214s1980 sp r ||||0| spa d
020 _a84-85361-23-7
100 1 _aProvent, Albert.
_994062
245 1 0 _aRevoluciones campesinas
_b: el nuevo orden del hambre /
_cAlbert Provent, François de Ravignan ; prefacio de René Dumont ; traducción de Carlos Wert.
260 _aBarcelona :
_bRuedo Ibérico,
_c1980.
300 _a122 p ;
_c21 cm.
490 1 _aBiblioteca crítica: al otro lado
650 4 _aRevueltas campesinas-
_zPaíses en desarrollo.
_9166131
650 0 4 _aAlimentos-
_xAbastecimiento.
_99731
700 1 _aRavignan, François de.
_995592
700 1 _aDumont, René,
_d1904-2001
_946012
700 1 _aWert, Carlos.
_9116516
710 2 _aÉditions Ruedo ibérico.
_9145333
830 1 _aBiblioteca crítica: al otro lado
_9184837
852 _aES-MaACL
_jL-2837
999 _c123090
_d123090